000 01381cam a2200385 i 4500
001 1500036288
003 OCoLC
005 20260125170228.0
008 250610s2025 nyuab d 000 1 eng
010 _a2025006892
020 _a9781546125877
035 _a(OCoLC)1500036288
040 _aDLC
_beng
_erda
_cDLC
_dDLC-MRC
_dTnLvILS
_dUtOrBLW
042 _apcc
_acyac
043 _an-us-me
100 1 _aLa Sala, Ryan,
_eauthor.
_940488
245 1 4 _aThe dead of summer /
_cRyan La Sala.
250 _aFirst edition.
300 _a372 pages :
_billustrations, map ;
_c22 cm.
500 _a"Don't move. Don't blink. Don't breathe"--Jacket.
520 _aSeventeen-year-old Ollie fights to survive a deadly summer on an island off the coast of Maine after it is placed under quarantine due to a long-sunken horror rising from the sea.
521 _aAges 14 and up.
_bPUSH.
521 _aGrades 10-12.
_bPUSH.
650 0 _aSurvival
_vJuvenile fiction.
650 0 _aPlague
_vJuvenile fiction.
_98672
650 0 _aIslands
_vJuvenile fiction.
650 1 _aLGBTQ+ people
_vFiction.
_941895
650 0 _aYoung adult fiction.
651 0 _aMaine
_vJuvenile fiction.
_93967
655 7 _aThrillers (Fiction)
_2lcgft.
655 7 _aParanormal fiction.
_2lcgft.
655 7 _aQueer fiction.
_2lcgft.
_941175
655 7 _aLGBTQ+ fiction.
_2homoit.
_942706
942 _2ddc
_cBK
999 _c129557
_d129557